Риски инновационной деятельности и методы управления ими; Актуальные проблемы управления и экономики России на современном этапе

書目詳細資料
Parent link:Актуальные проблемы управления и экономики России на современном этапе.— 2008.— С. 204-206
主要作者: Макашева Ю. С. Юлия Сергеевна
總結:В фонде НТБ ТПУ отсутствует
語言:俄语
出版: 2008
主題:
格式: MixedMaterials Book Chapter
KOHA link:https://koha.lib.tpu.ru/cgi-bin/koha/opac-detail.pl?biblionumber=602083

MARC

LEADER 00000naa0a2200000 4500
001 602083
005 20250905165909.0
035 |a (RuTPU)RU\TPU\tpu\27512 
035 |a RU\TPU\tpu\27511 
090 |a 602083 
100 |a 20150520d2008 k y0rusy50 ca 
101 0 |a rus 
102 |a RU 
200 1 |a Риски инновационной деятельности и методы управления ими  |f Ю. С. Макашева 
333 |a В фонде НТБ ТПУ отсутствует 
463 1 |t Актуальные проблемы управления и экономики России на современном этапе  |o материалы региональной научно-практической конференции (Томск, 18 мая 2007 г.)  |f Томский государственный университет (ТГУ), Международный факультет управления ; Сибирская академия государственной службы (СибАГС), Томский филиал  |v С. 204-206  |d 2008 
610 1 |a труды учёных ТПУ 
700 1 |a Макашева  |b Ю. С.  |c экономист  |c ассистент кафедры Томского политехнического университета  |f 1989-  |g Юлия Сергеевна  |3 (RuTPU)RU\TPU\pers\34092 
801 1 |a RU  |b 63413507  |c 20150520 
801 2 |a RU  |b 63413507  |c 20150521  |g RCR 
942 |c BK